Mê kông ký sự : Phim tài liệu

Uloženo v:
Podrobná bibliografie
Hlavní autor: Phạm, Khắc
Médium: Kniha
Jazyk:Undetermined
Vydáno: Thành phố Hồ Chí Minh Hãng phim Thành phố Hồ Chí Minh 2006
Témata:
Tagy: Přidat tag
Žádné tagy, Buďte první, kdo otaguje tento záznam!
Thư viện lưu trữ: Trung tâm Học liệu Trường Đại học Cần Thơ
LEADER 00610nam a2200217Ia 4500
001 CTU_107576
008 210402s9999 xx 000 0 und d
020 |c 30000 
082 |a 791.43 
082 |b Kh113/T.9 
100 |a Phạm, Khắc 
245 0 |a Mê kông ký sự : 
245 0 |b Phim tài liệu 
245 0 |c Phạm Khắc 
260 |a Thành phố Hồ Chí Minh 
260 |b Hãng phim Thành phố Hồ Chí Minh 
260 |c 2006 
650 |a Motion pictures 
904 |i Tuyến 
915 |a 700 
980 |a Trung tâm Học liệu Trường Đại học Cần Thơ